| 000 | 00641nam a22001937a 4500 | ||
|---|---|---|---|
| 005 | 20171031113449.0 | ||
| 010 | _aENG-121107 | ||
| 020 |
_c795.00 _a9788191060799 |
||
| 035 | _aEN-104639 | ||
| 037 | _bDBAD/PUB | ||
| 082 | _a305.2350954 | ||
| 100 | _aUday Kumar | ||
| 245 |
_aIndian mujahideen and simi : _cby Uday Kumar _b a fact profile of home grown jehadi terrorist / |
||
| 260 |
_aNew Delhi _bLucky international _c2013 |
||
| 270 |
_aG-68-B, Basement, Kalkaji, _bNew Delhi _e110019 |
||
| 300 |
_a223p. _c23cm(Hb) _bill. |
||
| 500 | _aIncludes bibliographical references | ||
| 942 |
_2ddc _cEN _h305.2350954 _mUDA |
||
| 999 |
_c147007 _d147007 |
||